ТПУ плюс электрификация всей страны. Выпускники ТПУ - руководители крупных энергетических предприятий и объединений; Томский политехник; Вып. 6
| Parent link: | Томский политехник: ежегодный журнал/ Томский политехнический университет (ТПУ), Ассоциация выпускников.— , 1995- Вып. 6.— 2000.— [С. 138-141] |
|---|---|
| Автор: | |
| Резюме: | Заглавие с титульного листа Электронная версия печатной публикации |
| Мова: | Російська |
| Опубліковано: |
2000
|
| Серія: | ТПУ в экономике, бизнесе, политике |
| Предмети: | |
| Онлайн доступ: | Цветная версия без потери качества |
| Формат: | MixedMaterials Електронний ресурс Частина з книги |
| KOHA link: | https://koha.lib.tpu.ru/cgi-bin/koha/opac-detail.pl?biblionumber=190759 |
MARC
| LEADER | 00000nla2a2200000 4500 | ||
|---|---|---|---|
| 001 | 190759 | ||
| 005 | 20231229112341.0 | ||
| 035 | |a (RuTPU)RU\TPU\book\207946 | ||
| 035 | |a RU\TPU\book\207941 | ||
| 090 | |a 190759 | ||
| 100 | |a 20110127d2000 km y0rusy50 ca | ||
| 101 | 0 | |a rus | |
| 102 | |a RU | ||
| 135 | |a drnn ---uucaa | ||
| 181 | 0 | |a i | |
| 182 | 0 | |a b | |
| 200 | 1 | |a ТПУ плюс электрификация всей страны. Выпускники ТПУ - руководители крупных энергетических предприятий и объединений |f В. В. Литвак | |
| 203 | |a Текст |c электронный | ||
| 215 | |a 1 файл (13.8 Мб) | ||
| 225 | 1 | |a ТПУ в экономике, бизнесе, политике | |
| 300 | |a Заглавие с титульного листа | ||
| 300 | |a Электронная версия печатной публикации | ||
| 337 | |a Adobe Reader | ||
| 461 | 1 | |0 (RuTPU)RU\TPU\book\202435 |t Томский политехник |o ежегодный журнал |f Томский политехнический университет (ТПУ), Ассоциация выпускников |d 1995- | |
| 463 | 1 | |0 (RuTPU)RU\TPU\book\207559 |t Вып. 6 |v [С. 138-141] |d 2000 |p 225 с. | |
| 610 | 1 | |a выпускники ТПУ | |
| 610 | 1 | |a руководители | |
| 610 | 1 | |a крупные предприятия | |
| 610 | 1 | |a энергетические предприятия | |
| 610 | 1 | |a энергетические объединения | |
| 610 | 1 | |a электрификация | |
| 610 | 1 | |a Россия | |
| 610 | 1 | |a электронный ресурс | |
| 700 | 1 | |a Литвак |b В. В. |c специалист в области теплоэнергетики |c профессор Томского политехнического университета, доктор технических наук |f 1940- |g Валерий Владимирович |3 (RuTPU)RU\TPU\pers\25676 |9 11587 | |
| 801 | 1 | |a RU |b 63413507 |c 20101101 | |
| 801 | 2 | |a RU |b 63413507 |c 20140228 |g RCR | |
| 856 | 4 | |u http://www.lib.tpu.ru/fulltext/v/Tomsk_polytechnic/2000/N6a36_full.pdf |z Цветная версия без потери качества | |
| 942 | |c CF | ||